| 000 | 00358nam a22001217a 4500 | ||
|---|---|---|---|
| 008 | 130613b xxu||||| |||| 00| 0 eng d | ||
| 082 |
_222 ed _a348.041WEE _b1 |
||
| 100 | _aELLIS,C.J. | ||
| 245 |
_aThe Weekly Law Reports 1987 VOL.1 _cELLIS,C.J. |
||
| 260 |
_aLONDON _bTHE INCORPROATE COUNCIL OF LAW REPORTING |
||
| 300 |
_axxxix,;1739p. _c24cm |
||
| 942 |
_2ddc _cLRT |
||
| 999 |
_c5396 _d5396 |
||